Корпоративное управление и корпоративная социальная ответственность (Запись № 11663398)

Подробности
000 -МАРКЕР
контрольное поле 02239nam0a2200337 4500
001 - ИДЕНТИФИКАТОР ЗАПИСИ
контрольное поле RU\NLR\BIBL_A\011758202
005 - ИДЕНТИФИКАТОР ВЕРСИИ
контрольное поле 20260628042947.0
010 ## - МЕЖДУНАРОДНЫЙ СТАНДАРТНЫЙ НОМЕР КНИГИ (ISBN)
Номер (ISBN) 978-5-906990-57-0
Тираж 500
021 ## - НОМЕР ГОСУДАРСТВЕННОЙ РЕГИСТРАЦИИ
Код страны Российская Федерация
Номер КН-П-18-046108
Номер Листа государственной регистраци КН-П-18-3321
035 ## - ДРУГИЕ СИСТЕМНЫЕ НОМЕРА
Идентификатор записи (NLR Aleph) 011758202
035 ## - ДРУГИЕ СИСТЕМНЫЕ НОМЕРА
Идентификатор записи (RuMoRGB)009670046
100 ## - ДАННЫЕ ОБЩЕЙ ОБРАБОТКИ
Данные общей обработки 20180725d2018 u y0rusy50 ca
101 0# - ЯЗЫК РЕСУРСА
Язык текста, звукозаписи и т.д. русский
102 ## - СТРАНА ПУБЛИКАЦИИ ИЛИ ПРОИЗВОДСТВА
Страна публикации Российская Федерация
105 ## - ПОЛЕ КОДИРОВАННЫХ ДАННЫХ: ТЕКСТОВЫЕ МАТЕРИАЛЫ, МОНОГРАФИЧЕСКИЕ
Кодированные данные о монографическом текстовом документе a|||j|||000zy
200 1# - ЗАГЛАВИЕ И СВЕДЕНИЯ ОБ ОТВЕТСТВЕННОСТИ
Основное заглавие Корпоративное управление и корпоративная социальная ответственность
Сведения, относящиеся к заглавию учебное пособие для бакалавров направлений подготовки 38.03.04 Государственное и муниципальное управление и 38.03.03 Управление персоналом
Первые сведения об ответственности Н.Н. Павелко, Г.Ю. Павлова
Последующие сведения об ответственности Негосударственное аккредитованное некоммерческое частное образовательное учреждение "Академия маркетинга и социально-информационных технологий - ИМСИТ" (г. Краснодар)
210 ## - ПУБЛИКАЦИЯ, РАСПРОСТРАНЕНИЕ И ДР.
Место издания, распространения и т.д. Краснодар
Имя издателя, распространителя и т. д. Новация
Дата издания, распространения и т.д. 2018
215 ## - ФИЗИЧЕСКАЯ ХАРАКТЕРИСТИКА
Специфическое обозначение материала и объем 322 с.
Другие сведения о физической характеристике табл., ил.
Размеры 20
320 ## - ПРИМЕЧАНИЯ О НАЛИЧИИ В ДОКУМЕНТЕ БИБЛИОГРАФИИ / УКАЗАТЕЛЯ
Текст примечания Библиогр.: с. 318-322, в тексте и в подстроч. примеч.
606 1# - НАИМЕНОВАНИЕ ТЕМЫ КАК ПРЕДМЕТ
Наименование темы Управление
Формальный подзаголовок Учебные издания для высших учебных заведений
Тематический подзаголовок Социально-психологические исследования
Системный номер авторитетной/нормативной записи 1489492
Идентификатор авторитетной/нормативной записи RU\NLR\AUTH\66639629
606 ## - НАИМЕНОВАНИЕ ТЕМЫ КАК ПРЕДМЕТ
-- rus
Наименование темы Управление корпоративное
-- ca
Формальный подзаголовок Учебные издания для высших учебных заведений
Идентификатор авторитетной/нормативной записи RU\NLR\AUTH\661263994
Системный номер авторитетной/нормативной записи 2087856
686 1# - ИНДЕКСЫ ДРУГИХ КЛАССИФИКАЦИЙ
Индекс У21(0)25я73
686 1# - ИНДЕКСЫ ДРУГИХ КЛАССИФИКАЦИЙ
Индекс С550.373я73
700 #1 - ИМЯ ЛИЦА - ПЕРВИЧНАЯ ОТВЕТСТВЕННОСТЬ
Начальный элемент ввода Павелко
Часть имени, кроме начального элемента ввода Н. Н.
Расширение инициалов личного имени Надежда Николаевна
701 #1 - ИМЯ ЛИЦА - АЛЬТЕРНАТИВНАЯ ОТВЕТСТВЕННОСТЬ
Начальный элемент ввода Павлова
Часть имени, кроме начального элемента ввода Г. Ю.
Дополнения к именам, кроме дат канд. культурологии
Расширение инициалов личного имени Галина Юрьевна
Системный номер авторитетной/нормативной записи 180395
Идентификатор авторитетной/нормативной записи RU\NLR\AUTH\770180446
942 ## - ДОПОЛНИТЕЛЬНЫЕ ЭЛЕМЕНТЫ ЗАПИСИ (АБИС)
Тип экземпляра АБИС Книга
980 ## - КОЛЛЕКЦИЯ
Название коллекции НБР
980 ## - КОЛЛЕКЦИЯ
Название коллекции Национальная библиография

Нет доступных экземпляров.